|
|
|
|
| LEADER |
00000naa0a2200000 4500 |
| 001 |
641540 |
| 005 |
20250603125746.0 |
| 035 |
|
|
|a (RuTPU)RU\TPU\network\6457
|
| 090 |
|
|
|a 641540
|
| 100 |
|
|
|a 20150521d2014 k||y0engy50 ba
|
| 101 |
0 |
|
|a eng
|
| 102 |
|
|
|a DE
|
| 135 |
|
|
|a drnn ---uucaa
|
| 181 |
|
0 |
|a i
|
| 182 |
|
0 |
|a b
|
| 200 |
1 |
|
|a Double diffraction radiation target interferometry for micro-train beam diagnostics
|f D. A. Shkitov [et al.]
|
| 203 |
|
|
|a Text
|c electronic
|
| 225 |
1 |
|
|a Instrumentation, Controls, Feedback & Operational Aspects
|
| 300 |
|
|
|a Title screen
|
| 320 |
|
|
|a [References: p. 3637 (4 tit.)]
|
| 330 |
|
|
|a Promising technique to generate short, high-brightnessTHz-frequency coherent radiation pulses is to use amicro-train electron beam. That’s why the creation anddevelopment of a method to diagnose a micro-trainelectron beam becomes essential. Recently our groupstarts to investigate a feasibility of double diffractionradiation (DR) target interferometry for non-invasivemicro-train beam diagnostics at KEK: LUCX facility. Inthis report we present double DR target preparationaccuracy requirements in order to minimize measurementuncertainties and increase interferometer resolution.
|
| 337 |
|
|
|a Adobe Reader
|
| 463 |
|
|
|t 5th International Particle Accelerator Conference IPAC’14, 15 – 20 June, 2014, Dresden, Germany
|v [P. 3635-3637]
|d 2014
|
| 610 |
1 |
|
|a электронный ресурс
|
| 610 |
1 |
|
|a труды учёных ТПУ
|
| 701 |
|
1 |
|a Shkitov
|b D. A.
|c physicist
|c Junior Researcher, Tomsk Polytechnic University, Candidate of Physical and Mathematical Sciences
|f 1985-
|g Dmitriy Andreevich
|3 (RuTPU)RU\TPU\pers\31538
|9 15699
|
| 701 |
|
1 |
|a Potylitsyn
|b A. P.
|c Russian physicist
|c Professor of the TPU
|f 1945-
|g Alexander Petrovich
|3 (RuTPU)RU\TPU\pers\26306
|9 12068
|
| 701 |
|
1 |
|a Aryshev
|b A. S.
|g Aleksandr Sergeevich
|
| 701 |
|
1 |
|a Urakawa
|b J.
|
| 712 |
0 |
2 |
|a Национальный исследовательский Томский политехнический университет (ТПУ)
|b Физико-технический институт (ФТИ)
|b Кафедра прикладной физики (№ 12) (ПФ)
|3 (RuTPU)RU\TPU\col\18729
|
| 801 |
|
2 |
|a RU
|b 63413507
|c 20150521
|g RCR
|
| 850 |
|
|
|a 63413507
|
| 856 |
4 |
|
|u http://accelconf.web.cern.ch/AccelConf/IPAC2014/papers/thpme159.pdf
|
| 942 |
|
|
|c CF
|